Sổ tay thiết kế điện chiếu sáng
Nội dung của quyển sách giới thiệu về kỹ thuật chiếu sáng và phương pháp tính toán chọn nguồn sáng ( loại bóng đèn và loại đèn ); đồng thời, giới thiệu về tính toán thiết kế và thi công lưới điện chiếu sáng cho công trình và nhà ở....
Gardado en:
| Autor Principal: | |
|---|---|
| Formato: | Libro |
| Idioma: | Undetermined |
| Publicado: |
Tp. Hồ Chí Minh
Thanh Niên
1998
|
| Những chủ đề: | |
| Các nhãn: |
Engadir etiqueta
Sen Etiquetas, Sexa o primeiro en etiquetar este rexistro!
|
| Thư viện lưu trữ: | Trung tâm Học liệu Trường Đại học Cần Thơ |
|---|
| LEADER | 00958nam a2200205Ia 4500 | ||
|---|---|---|---|
| 001 | CTU_42502 | ||
| 008 | 210402s9999 xx 000 0 und d | ||
| 020 | |c 50000 | ||
| 082 | |a 621.32 | ||
| 082 | |b S511 | ||
| 100 | |a Nguyễn, Viễn Sum | ||
| 245 | 0 | |a Sổ tay thiết kế điện chiếu sáng | |
| 245 | 0 | |c Nguyễn Viễn Sum | |
| 260 | |a Tp. Hồ Chí Minh | ||
| 260 | |b Thanh Niên | ||
| 260 | |c 1998 | ||
| 520 | |a Nội dung của quyển sách giới thiệu về kỹ thuật chiếu sáng và phương pháp tính toán chọn nguồn sáng ( loại bóng đèn và loại đèn ); đồng thời, giới thiệu về tính toán thiết kế và thi công lưới điện chiếu sáng cho công trình và nhà ở. | ||
| 650 | |a Electric engineering,Electric lighting | ||
| 904 | |i Minh, 010727 | ||
| 980 | |a Trung tâm Học liệu Trường Đại học Cần Thơ | ||